000 00417cam a2200133 a 4500
020 _a0895771004
050 0 0 _aKF387
_b.R4
245 0 0 _aReader's digest family legal guide :
_ba complete encyclopedia of law for the layman.
260 _aPleasantville, N.Y. :
_bReader's Digest Association,
_cc1981.
300 _aix, 1268 p. ;
500 _aIncludes index.
650 0 _xEncyclopedias
_xPopular works.
942 _2lcc
_cGEN
999 _c6799
_d6799